000 00789nam a2200277Ia 4500
001 Para_6505
003 CHAP
008 220125s1999 xx 000 0 und d
010 _a205363
040 _cCHAP
090 _aPA FOLLETO 512y
100 _aLykken, Louis
_9171388
245 _aEl uso seguro de los plaguicidas modernos /
_c por Louis Lykken
260 _as.l. :
_b s.n.
300 _a21 p.
500 _aTraducido de: Agricultural Chemicals, V. 22, No. 8,9 y 10 1967.
650 _aPesticidas
_x aplicacion
_987539
650 _aPesticidas
_x medidas de seguridad
_987564
901 _aPA FOLLETO 512Y
902 _aA
905 _a00000019-- 0000000000 00
910 _a19--
942 _cPARA
942 _cPARA
_d1
999 _c205363
_d205363